Dinosaurs
| Main Author: | |
|---|---|
| Other Authors: | |
| Format: | Book |
| Published: |
Brighton :
Scribblers ,
20--?
|
| Series: | Starters
|
| Subjects: |
MARC
| LEADER | 00000cam a2200000 7i4500 | ||
|---|---|---|---|
| 001 | 0000241925 | ||
| 005 | 20200221115956.0 | ||
| 020 | |a 9781912537235 | ||
| 090 | 0 | 0 | |a 567.9 |b PIE |
| 100 | 1 | |a Pierce, Nick | |
| 245 | 1 | 0 | |a Dinosaurs |c written by Nick Pierce ; illustrated by Fabrizio Di Baldo |
| 260 | |a Brighton : |b Scribblers , |c 20--? | ||
| 300 | |a 24p. : |b ill. ; |c 28cm. | ||
| 490 | 0 | |a Starters | |
| 650 | 0 | |a Dinosaurs |v Juvenile literature | |
| 700 | 1 | |a Di Baldo, Fabrizio | |
| 999 | |a 00378178 |b BUKU |c JUNIOR BOOKS |e PERPUSTAKAAN KOMUNITI PETALING JAYA | ||